000 00671nam a22001937a 4500
003 OSt
005 20210301070853.0
008 210226s1994 ||||| |||| 00| 0 eng d
040 _aeng
_beng
_cDLC
_deng
041 _aeng
080 _a616.8
_bS-97
100 _91182
_aSwedenborg, Emanuel
245 _aThis Special Edition of the Brain: Considered Anatomically, Physiologically and Philosophically / Volume 1
_b/ by: The Classics of Neurology and Neurosurgery Library
260 _aNew York
_bThe Classics of Neurology and Neurosurgery Library
_c1994
300 _a794 p.
_bill.
650 0 _9100
_aNeurology
653 _aნევროლოგია
942 _2udc
_cBK
999 _c1805
_d1805